=LDR 00000nam 2200000 4500 =001 INLIS000000000058406 =005 20210921095717 =035 ##$$a 0010-0921000210 =007 ta =008 210921###########################0#ind## =082 ##$$a 920 =084 ##$$a 920 Enc j =245 1#$$a Jenderal Anumerta Ahmad Yani : $b Sang Jenderal yang gemar menuntut ilmu /$c Encep Dulwahab =300 ##$$a 62 halaman : $b Ilustrasi ; $c 21 cm =600 #4$$a Biografi =264 ##$$a jakarta :$b Bee media pustaka,$c 2020 =336 ##$$a teks$2 rdacontent =337 ##$$a lain-lain$2 rdamedia =338 ##$$a lain-lain$2 rdacarrier =990 ##$$a 10591059 =990 ##$$a 10591059